| 000 | 00839nam a2200265 a 4500 | ||
|---|---|---|---|
| 999 |
_c928 _d928 |
||
| 001 | 776 | ||
| 003 | BD-DhUAP | ||
| 005 | 20200129105250.0 | ||
| 008 | 200129s1996 bg b 001 0 eng d | ||
| 020 | _a9840513346 | ||
| 040 |
_aBD-DhUAP _cBD-DhUAP _bEng _dBD-DhUAP |
||
| 082 |
_a338.954 HOS _223 |
||
| 100 | 1 | _aHossain, Akhtar. | |
| 245 | 1 | 0 |
_aIn quest of development : _bthe political economy of South Asia / _cAkhtar Hossain and Salim Rashid. |
| 260 |
_aDhaka, Bangladesh : _bUniversity Press, _c1996. |
||
| 300 |
_axiv, 236 pages ; _c22 cm. |
||
| 504 | _aIncludes bibliographical references and index. | ||
| 650 | _aEconomic conditions | ||
| 650 | _aEconomic policy. | ||
| 650 |
_aSocial conditions _zSouth Asia. |
||
| 700 | 1 | _aRashid, Salim | |
| 942 |
_2ddc _cBK |
||